000 00540cam a2200205ua 4500
001 11543
005 20260515114751.0
008 190930n ii |||gr||||Z||||||asm
020 _a9788120288058
040 _cMAIN
082 _a891.4513
100 _a Jahnabi Devi,
_eAuthor.
245 _aUpanyas Adhyayan
_cBy Jahnabi Devi
250 _a1st ed.
260 _anagaon:
_bJagran sahitya prakashan,
_c2018.
300 _a222p.
653 _aEast Indo-European & Celtic literatures
653 _aA book on assamese novels
942 _cBK
999 _c10352
_d10352